अपनी अपनी दुनिया / (Record no. 118040)

MARC details
000 -LEADER
fixed length control field 01120nam a22002777a 4500
003 - CONTROL NUMBER IDENTIFIER
control field dpl
005 - DATE AND TIME OF LATEST TRANSACTION
control field 20180919134301.0
008 - FIXED-LENGTH DATA ELEMENTS--GENERAL INFORMATION
fixed length control field 180919b ||||| |||| 00| 0 eng d
010 ## - LIBRARY OF CONGRESS CONTROL NUMBER
LC control number B-048765
020 ## - INTERNATIONAL STANDARD BOOK NUMBER
Terms of availability 120.00
International Standard Book Number 8170165113
035 ## - SYSTEM CONTROL NUMBER
System control number B-048765, B-048772
037 ## - SOURCE OF ACQUISITION
Source of stock number/acquisition Cen Lib/Ret
040 ## - CATALOGING SOURCE
Original cataloging agency DPL
Language of cataloging HN
Transcribing agency 0
082 ## - DEWEY DECIMAL CLASSIFICATION NUMBER
Classification number
Item number गोस्वामी
100 ## - MAIN ENTRY--PERSONAL NAME
Personal name गोस्वामी, अमर
9 (RLIN) 47617
245 ## - TITLE STATEMENT
Title अपनी अपनी दुनिया /
Statement of responsibility, etc अमर गोस्वामी
246 ## - VARYING FORM OF TITLE
Title proper/short title Apni apni duniya
Remainder of title by Amar Goswami
260 ## - PUBLICATION, DISTRIBUTION, ETC. (IMPRINT)
Place of publication, distribution, etc नई दिल्ली
Name of publisher, distributor, etc किताबघर प्रकाशन
Date of publication, distribution, etc 2001
270 ## - ADDRESS
Address 24, अंसारी रोड दरिया गंज
City नई दिल्ली
Postal code 110002
300 ## - PHYSICAL DESCRIPTION
Extent 128पृष्ठ.
Dimensions 20सेमी(सजिल्द)
650 ## - SUBJECT ADDED ENTRY--TOPICAL TERM
Topical term or geographic name as entry element हिंदी साहित्य
9 (RLIN) 78083
650 ## - SUBJECT ADDED ENTRY--TOPICAL TERM
Topical term or geographic name as entry element हिंदी लघु कथाएं
9 (RLIN) 3597
650 ## - SUBJECT ADDED ENTRY--TOPICAL TERM
Topical term or geographic name as entry element Hindi literature
9 (RLIN) 78084
650 ## - SUBJECT ADDED ENTRY--TOPICAL TERM
Topical term or geographic name as entry element Hindi short stories
9 (RLIN) 29625
942 ## - ADDED ENTRY ELEMENTS (KOHA)
Source of classification or shelving scheme Dewey Decimal Classification
Koha item type Hindi Books
Classification part
Call number suffix गोस्वामी
Holdings
Withdrawn status Lost status Damaged status Not for loan Home library Current library Date acquired Source of acquisition Cost, normal purchase price Total Checkouts Full call number Barcode Date last seen Date checked out Copy number Cost, replacement price Price effective from Koha item type Source of classification or shelving scheme Collection code
        Central Library Central Library 09/09/2015 Cen Lib /Ret 120.00 1 क गोस्वामी B-048765 22/04/2017 08/04/2017 1 120.00 09/09/2015 Hindi Books    
        Shahdara Branch Shahdara Branch 19/09/2018 BPPD/PUB 120.00 2 क गोस्वामी B-048772 12/10/2018 03/10/2018   120.00 19/09/2018 Hindi Books Dewey Decimal Classification Fiction

© Delhi Public Library
Hit Counter
free hit counter